Effects of heating on foodstuffs /

Guardado en:
Otros Autores: Priestley, R. J., (Editor , ed.)
Formato: Libro
Idioma:English
Publicado: London : Applied Science Publishers, c1979.
Materias:
Etiquetas: Agregar Etiqueta
Sin Etiquetas, Sea el primero en etiquetar este registro!
LEADER 00769nam a22002175a 4500
001 EIQ.libpla002282
008 791129s1979####enka#####b####001#0#eng#d
005 20070518202458.0
245 0 0 |a Effects of heating on foodstuffs /  |c edited by R. J. Priestley. 
260 |a London :  |b Applied Science Publishers,  |c c1979. 
300 |a x, 417 p. :  |b il. ;  |c 23 cm. 
504 |a Incluye referencias bibliográficas e índice. 
020 |a 0853347972 
700 1 |a Priestley, R. J.,  |e ed.  |4 edt 
082 0 0 |a 664 
650 0 |a Alimento  |x Efectos del calor. 
650 0 |a Food  |x Effect of heat on. 
010 |a  79320022  
040 |a DLC  |c DLC  |d AR-BbSID 
859 |a AR-BbSID  |b BIB. PLAPIQUI  |h 664  |i Ef 22  |p 1386  |t Ej. 1  |v Ej. 1 
859 |a AR-BbSID  |b BIB. PLAPIQUI  |h 664  |i Ef 22  |p 1717  |t Ej. 2  |v Ej. 2